Misterio en la villa de los acebos / (Registro nro. 8354)

Detalles MARC
000 -LIDER
fixed length control field 00759nam a22002537a 4500
001 - NÚMERO DE CONTROL
Identificador de número de control 0074
003 - IDENTIFICACDOR DE NÚMERO DE CONTROL
control field DO-SdBNP
005 - DATE AND TIME OF LATEST TRANSACTION
control field 20180131153841.0
007 - CAMPOS FIJOS DE DESCRIPCIÓN FÍSICA
fixed length control field 0074
008 - ELEMENTOS DE LONGITUD FIJA
fixed length control field 151009b 1962 sp || 00| 0 spa d
040 ## - FUENTE DE CATALOGACIÓN
Agencia que crea de manera original el registro BPMSU
Idioma de catalogación spa
Agencia que realiza la transcripción BPMSU
092 ## - LOCALLY ASSIGNED DEWEY DECIMAL CALL NUMBER
Número de clasificación xxxxx
Número de ítem (Cutter) xxxxx
100 10 - ASIENTO PRINCIPAL -- NOMBRE PERSONAL
Nombre personal Blyton, Enid
245 ## - MENCIÓN DE TITULO
Título Misterio en la villa de los acebos /
Mención de responsabilidad Enid Blyton; traducción María Dolores Raich Ullan; ilustración Carlos Freixas
260 ## - PUBLICACIÓN, DISTRIBUCIÓN, ETC. (PIE DE IMPRENTA)
Lugar de publicación, distribución, etc Barcelona, España :
Nombre del editor, distribuidor, etc. Molino,
Fecha de publicación, distribución, etc 1962
300 ## - DESCRIPCIÓN FÍSICA
Extensión 189 p.
Otros detalles físicos il.
Dimensiones 20 cm.
490 10 - MENCIÓN DE SERIES
Mención de serie Aventura
Volume/sequential designation 33
700 10 - ASIENTO SECUNDARIO -- NOMBRE PERSONAL
Nombre personal Raich Ullan, María Dolores,
Mención de responsabilidad tr.
700 10 - ASIENTO SECUNDARIO -- NOMBRE PERSONAL
Nombre personal Freixas, Carlos,
Mención de responsabilidad il.
830 00 - ASIENTO SECUNDARIO DE SERIE--TÍTULO UNIFORME
Título uniforme Aventura
Número de la parte o sección de una obra 33
942 ## - ADDED ENTRY ELEMENTS (KOHA)
Source of classification or shelving scheme Dewey Decimal Classification
Koha item type Libros
945 ## - INFORMACIÓN DE PROCESAMIENTO LOCAL
Información de procesamiento local Inventariado, 2018/ YL
956 ## - LOCAL ELECTRONIC LOCATION AND ACCESS (OCLC)
Nombre de host Brenda Tavárez
Número de acceso 10
Información de compresión BPMSU
Existencias
Withdrawn status Lost status Source of classification or shelving scheme Damaged status Not for loan Collection code Home library Current library Date acquired Source of acquisition Total Checkouts Barcode Date last seen Price effective from Koha item type
    Dewey Decimal Classification     Colección Juvenil General Biblioteca Pública Metropolitana Salomé Ureña Biblioteca Pública Metropolitana Salomé Ureña 10/09/2015 Donación   BPMSU15100076 10/09/2015 10/09/2015 Libros